000 00980nam2a2200205 4500
001 RU\NLR\PER_A\003137400_000650
005 20250625130231.0
035 _a(NLR Aleph) 022120551
090 _a12805788
_c12805788
100 _a20240131d2021 |||y0rusy50 ca
101 0 _arus
102 _aRU
200 0 _a2021, № 2
210 _d2021
_aБ. м.
461 0 _1001RU\NLR\Per\895569
_12001#$aПсихологическое консультирование онлайн$eнаучно-практический журнал$fФедерация психологов-консультантов онлайн$v2021, № 2
_92888185
_c[Б. м.
_d2011 -
_fФедерация психологов-консультантов онлайн
_nб. и.]
_oнаучно-практический журнал
_tПсихологическое консультирование онлайн
_x2411-0752
_v2021, № 2
852 _aNLR
_jП25/656
942 _cISSUE
980 _aNB
980 _aRUSPER